Phương pháp dạy học ngữ văn trung học phổ thông - những vấn đề cập nhật

Shranjeno v:
Bibliografske podrobnosti
Glavni avtor: Nguyễn Thanh Hùng
Drugi avtorji: Lê Thị Diệu Hoa
Format: Knjiga
Jezik:Vietnamese
Izdano: H. Đại học Sư phạm 2007
Teme:
Oznake: Označite
Brez oznak, prvi označite!
Thư viện lưu trữ: Mạng thư viện Đại học Đà Nẵng
LEADER 01421aam a22003858a 4500
001 000016571
003 12974
005 20121121081143.0
008 121121s2007 viesd
020 |c 32000đ  |d 1000b 
041 |a vie 
082 1 4 |2 14  |a 807.12  |b NG-H 
084 |a U426.12  |a U426.21  |b PH561P 
100 1 |a Nguyễn Thanh Hùng 
245 |a Phương pháp dạy học ngữ văn trung học phổ thông - những vấn đề cập nhật  |c B.s.: Nguyễn Thanh Hùng (ch.b.), Lê Thị Diệu Hoa 
260 |a H.  |b Đại học Sư phạm  |c 2007 
300 |a 293 tr.  |b bảng, hình vẽ  |c 21 cm. 
504 |a Thư mục: tr. 293 
650 7 |2 Bộ TK TVQG  |a Ngữ văn 
650 7 |2 Bộ TK TVQG  |a Trung học phổ thông 
650 7 |2 Bộ TK TVQG  |a Tiếng Việt 
650 7 |2 Bộ TK TVQG  |a Văn học 
650 7 |2 Bộ TK TVQG  |a Phương pháp dạy học 
655 7 |2 Bộ TK TVQG  |a Sách giáo viên 
700 1 |a Lê Thị Diệu Hoa 
OWN |a LSP 
AVA |a UDN50  |b LSP  |d 807.12 NG-H  |e check_holdings  |t Error 5003 Not defined in file expand_doc_bib_avail.  |h N  |k 1 
999 |a From the UDN01 
AVA |a UDN50  |b LSP  |d 807.12 NG-H  |e available  |t Error 5001 Not defined in file expand_doc_bib_avail.  |f 15  |g 0  |h N  |i 0  |k 1 
TYP |a Monograph 
TYP |a Printed language 
980 |a Mạng thư viện Đại học Đà Nẵng